Quiz Anatomy Bone Practice (Part 2) - Statistics

General Stats
  • This quiz has been taken 31 times
  • The average score is 9 of 16
Answer Stats
Picture Hint Answer % Correct
Label A Frontal
94%
Label C Temporal
94%
Label G Zygomatic
88%
occipital
81%
ilium
75%
Label E Mandible
75%
Label H Nasal
69%
Label B Parietal
69%
Label D Ethmoid
63%
pubis
50%
Label I Lacrimal
44%
Lateral View Sphenoid
44%
Label F Maxillary
31%
obturator foramen
13%
Superior View Body of Cervical Vertebrae
6%
Superior View Spinous Process of Cervical Vertebrae
6%
No matching quizzes found
Score Distribution
Percent of People with Each Score
Percentile by Number Answered
Your Score History
You have not taken this quiz